|
|
|
|
| LEADER |
00000nas a2200000 a 4500 |
| 001 |
ssj0062127 |
| 003 |
WaSeSS |
| 005 |
20200512172242.0 |
| 006 |
m d |
| 007 |
cr n |
| 008 |
080515c20079999ii qr p s 0 0eng |
| 010 |
|
|
|a 2009345548
|
| 016 |
7 |
|
|a 101474101
|2 DNLM
|
| 022 |
|
|
|l 1998-4103
|y 0973-8258
|
| 025 |
|
|
|a I-D-E-2009-345548; 42
|
| 035 |
|
|
|a (WaSeSS)ssj0062127
|
| 040 |
|
|
|a AU@
|b eng
|c AU@
|d DLC
|d NLM
|d CUS
|d OCLCQ
|d OCLCO
|d OCLCQ
|d OCLCO
|d OCLCF
|d OCLCO
|d WaSeSS
|
| 042 |
|
|
|a pcc
|
| 050 |
1 |
4 |
|a RS1
|
| 060 |
0 |
0 |
|a W1
|b IN766MT
|
| 245 |
0 |
0 |
|a International journal of green pharmacy
|h [electronic resource].
|
| 246 |
1 |
3 |
|a IJGP
|
| 260 |
|
|
|a Mumbai :
|b Medknow Publications,
|c [2007]
|
| 310 |
|
|
|a Quarterly
|
| 362 |
1 |
|
|a Began with vol. 1, Issue 1 (Apr./June 2007).
|
| 506 |
|
|
|a License restrictions may limit access.
|
| 550 |
|
|
|a An official publication of TIFAC CORE in Green Pharmacy.
|
| 588 |
|
|
|a Latest issue consulted: Vol. 3, Issue 1 (Jan./Mar. 2009).
|
| 650 |
|
0 |
|a Pharmacy
|v Periodicals.
|
| 650 |
|
0 |
|a Drugs
|v Periodicals.
|
| 650 |
|
0 |
|a Herbs
|x Therapeutic use
|v Periodicals.
|
| 650 |
1 |
2 |
|a Pharmaceutical Preparations.
|
| 650 |
|
7 |
|a Drugs.
|2 fast
|0 (OCoLC)fst00898761
|
| 650 |
|
7 |
|a Herbs
|x Therapeutic use.
|2 fast
|0 (OCoLC)fst00955386
|
| 650 |
|
7 |
|a Pharmacy.
|2 fast
|0 (OCoLC)fst01060285
|
| 655 |
|
0 |
|a Electronic journals.
|
| 710 |
2 |
|
|a TIFAC CORE in Green Pharmacy.
|
| 856 |
4 |
0 |
|z Full text available from Research Library: 01/01/2008 to 12/31/2016
|u https://search.proquest.com/publication/226497
|
| 856 |
4 |
0 |
|z Full text available from Research Library: 01/01/2018 to present
|u https://search.proquest.com/publication/226497
|